00685nam a22002177a 450000500170000000800410001701000140005802000260007203500130009803700150011104000180012608200160014410000280016024500570018826000460024527000480029130000340033950000510037365000190042465000240044320080922151225.0080922t xxu||||| |||| 00| 0 eng d aENG-91015 a9788120335318c375.00 aEN-74548 bDBAD / PUB adplbEnglish  a368.3200681 aKutty, Shashidharan K.  aManaging life insurance /cby Shashidharan K. Kutty  aNew Delhi bPrentice Hall of India c2008 aM-97, Connaught Circus, bNew Delhie110001 axii, 711p.:c22cm (Hb) bill. aIncludes bibliographical references and index  aLife insurance aInsurance Companies